|
|
|
|
| LEADER |
01011pam a22002898a 4500 |
| 001 |
00037235 |
| 005 |
20171026081025.0 |
| 008 |
170510s2003 ||||||Viesd |
| 041 |
0 |
# |
|a Vie
|
| 082 |
1 |
4 |
|a 537.076
|b B103T
|
| 100 |
1 |
# |
|a Nguyễn, Kim Đính
|
| 245 |
0 |
0 |
|a Bài tập kỹ thuật điện
|c Nguyễn Kim Đính
|
| 260 |
# |
# |
|a T.P. Hồ Chí Minh
|b Đại học quốc gia T.P. Hồ Chí Minh
|c 2003
|
| 300 |
# |
# |
|a 327 tr.
|c 21 cm.
|
| 500 |
# |
# |
|a ĐTTS ghi: Đại học Quốc gia Thành phố Hồ Chí Minh. Trường Đai học Bách Khoa
|
| 653 |
# |
# |
|a Bài tập
|
| 653 |
# |
# |
|a Mạch điện
|
| 653 |
# |
# |
|a Điện
|
| 852 |
# |
# |
|b Kho mượn
|j KM.0021257, KM.0021258, KM.0021259
|
| 852 |
# |
# |
|b Kho đọc
|j KD.0020043
|
| 852 |
# |
# |
|j KD.0020043
|j KM.0021257
|j KM.0021258
|j KM.0021259
|j KM.0025575
|
| 910 |
|
|
|d 10/05/2017
|
| 980 |
# |
# |
|a Trung tâm Học liệu Lê Vũ Hùng, Trường Đại học Đồng Tháp
|